000 00649nam a2200181 4500
008 160816b xxu||||| |||| 00| 0 eng d
020 _a0-07-146222-8
082 _22006
_aDC 658.3
_bMc17h
100 _912868
_aMcGregor, Douglas
245 _aThe human side of enterprise/
_cDouglas McGregor, updated and with a new commentary by Joel Cutcher-Gershenfeld.
250 _aAnnotated edition
260 _aNew York:
_bMcGraw-Hill,
_cc2006.
300 _aliii, 423 pages;
_c24 cm.
500 _aIncludes bibliographical references and index.
650 0 _912869
_aPersonnel management
700 _912870
_aCutcher-Gershenfeld, Joel
942 _2ddc
_cDC
999 _c3867
_d3867